000
00346nam a2200157Ia 4500
100
_a
Roy choudhury D
650
_a
CIRCUITS
250
_a
3
942
_c
BK
245
_a
Linear Integrated Circuits
260
_b
New Age International Ltd.
_a
Mumbai
_c
2007
082
_a
621.3815/ROY
_b
ROY
300
_a
378
546
_a
ENGLISH
999
_c
24947
_d
24947